01336cam a2200349 i 450000100090000000300090000900500170001800800410003502000180007603500200009404000430011408200220015710000300017924500770020926400470028626400100033330000460034333600260038933700280041533800270044350400520047065000510052265000450057365000600061865000540067865300240073265500170075670000290077394200120080299900170081495201550083120143776EG-ScBUE20260208104202.0171115t2025 njua f b 001 0 eng d a9781779562357 a(DNLM)101716893 aDNLM/DLCbengerdacDLCdDLCdEG-ScBUE04a611.0181222bCHA1 aChandar, Ramesh,eauthor.10aCell and molecular biology /cProf. Ramesh Chandra and Dr. Heerak Chugh. 1aBurlington :bAllied Health Press,c[2025] 4cc2025 a374 pages :bcolor illustrations ;c28 cm atext2rdacontentbtxt aunmediated2rdamediabn avolume2rdacarrierbnc aIncludes bibliographical references and index.  7aCytologyvExaminations, questions, etc.2BUEsh 7aCytologyvOutlines, syllabi, etc.2BUEsh 7aMolecular biologyvExaminations, questions, etc.2BUEsh 7aMolecular biologyvOutlines, syllabi, etc.2BUEsh cFebruary2026bPPhrm vReading book1 aChugh , Heerak eauthor. 2ddccBB c31089d31060 00102ddc40708AlahramaMAINbMAINc1STd2026-02-08ePurchaseg3500.00h54l0o611.0181 CHAp000057492r2026-02-08 00:00:00v4375.00w2026-02-08yBB